Trees outside forests: Towards better awareness
Сохранить в:
| Главный автор: | |
|---|---|
| Формат: | |
| Язык: | Undetermined |
| Опубликовано: |
Rome, Italy
FAO
2002
|
| Предметы: | |
| Метки: |
Добавить метку
Нет меток, Требуется 1-ая метка записи!
|
| Thư viện lưu trữ: | Trung tâm Học liệu Trường Đại học Cần Thơ |
|---|
| LEADER | 00547nam a2200181Ia 4500 | ||
|---|---|---|---|
| 001 | CTU_55807 | ||
| 008 | 210402s9999 xx 000 0 und d | ||
| 082 | |a 634.9 | ||
| 082 | |b T784 | ||
| 100 | |a Ronald Bellefontaine... [et al.] | ||
| 245 | 0 | |a Trees outside forests: Towards better awareness | |
| 245 | 0 | |c Ronald Bellefontaine... [et al.] | |
| 260 | |a Rome, Italy | ||
| 260 | |b FAO | ||
| 260 | |c 2002 | ||
| 650 | |a environmental protection,forests and forestry | ||
| 650 | |x management | ||
| 980 | |a Trung tâm Học liệu Trường Đại học Cần Thơ | ||